| 000 | 00375pab a2200145 454500 | ||
|---|---|---|---|
| 008 | 180718b xxu||||| |||| 00| 0 eng d | ||
| 100 | _aMavna Samita | ||
| 245 | _aOld couples: a few reflexion of their mind - a micro study | ||
| 362 | _a73(3), Sep 93, p.233-39 | ||
| 650 | _a Ageing | ||
| 650 | _a Old Couples | ||
| 650 | _aOld Age | ||
| 773 | _aMan in India | ||
| 909 | _a25669 | ||
| 999 |
_c25669 _d25669 |
||